| 000 | 00420nam a2200193Ia 4500 | ||
|---|---|---|---|
| 005 | 20250425161416.0 | ||
| 008 | 250425s9999 xx 000 0 und d | ||
| 020 | _a9681500784 | ||
| 041 | _aspa | ||
| 082 | _a843 | ||
| 100 | _aZOLA, EMILIO | ||
| 245 | 0 | _aNANA | |
| 250 | _a1A ED. | ||
| 260 | _aMEXICO | ||
| 260 |
_aMéxico _bEDITORES MEXICANOS UNIDOS _c1980 |
||
| 300 | _a235 | ||
| 942 | _c01 | ||
| 010 | _a19655 | ||
| 999 |
_c208662 _d208662 |
||